Criminal Law :Cases and Materials / (Record no. 177189)

MARC details
000 -LEADER
fixed length control field 00616nam a22001937a 4500
005 - DATE AND TIME OF LATEST TRANSACTION
control field 20210215113246.0
010 ## - LCCN (DPL NO)
LC control number ENG-129031
020 ## - INTERNATIONAL STANDARD BOOK NUMBER
Terms of availability 1495.00
International Standard Book Number 9789388548120
035 ## - SYSTEM CONTROL NUMBER
System control number EN-112563
037 ## - SOURCE OF ACQUISITION
Source of stock number/acquisition DBAD/PUB
082 ## - DEWEY DECIMAL CLASSIFICATION NUMBER
Classification number 345.04
100 ## - MAIN ENTRY--PERSONAL NAME
Personal name Gaur, K D
245 ## - TITLE STATEMENT
Title Criminal Law :Cases and Materials /
Statement of responsibility, etc KD Gaur
250 ## - EDITION STATEMENT
Edition statement 9th Edition
260 ## - PUBLICATION, DISTRIBUTION, ETC. (IMPRINT)
Name of publisher, distributor, etc Lexis Nexis
Date of publication, distribution, etc 2019
Place of publication, distribution, etc Haryana
270 ## - ADDRESS
Address 14th Floor ,Building No-10 , Tower -B, DLF Cyber City ,Phase-2 Gurgaon
City Gurgaon , Haryana
Postal code 122002
300 ## - PHYSICAL DESCRIPTION
Extent xlvii+975p.
Other physical details 23cm(pbk)
Dimensions Including index.
942 ## - ADDED ENTRY ELEMENTS (KOHA)
Source of classification or shelving scheme Dewey Decimal Classification
Item type English Books
Classification part 345.04
Call number suffix GAU
Holdings
Withdrawn status Lost status Not for loan Collection code Home library Current library Date acquired Source of acquisition Cost, normal purchase price Full call number Barcode Copy number Cost, replacement price Koha item type
      Non-fiction Bawana Bawana 12/02/2021 DBAD/PUB 1450.00 345.04 GAU EN-112563 1 1450.00 English Books

© Delhi Public Library
Hit Counter
free hit counter